Lesenice 1244-1994 750 rokov od prvej písomnej zmienky

Bibliographic Details
Main Authors: Ďurdík, Tibor (Author), Kamasová, Marta (Author)
Other Authors: Prelovská, Ľubica (Photographer, nob)
Format: Book
Language:Slovak
PhysicalDescription:23 s. Fotogr., lit. 16 zázn. v maď.
Published: Veľký Krtíš Veľký Krtíš Lesenice Regionálne kultúrne stredisko Štátny okresný archív Obecný úrad 1994
ISBN:8090115349
Subjects:

MARC

LEADER 00000nam a2200000 a 4500
001 vtls001076307
003 SK-MaSNL
005 20260413115214.0
008 250414s1994 xo 0 slo
015 |a SNBA1994/09 
020 |a 8090115349 
035 |a SNK000019140 
040 |a SNK  |b slo  |c SNK  |e AACR2 
041 0 |a slo 
044 |a xo  |c SK 
080 |a 943.764.9"1244/1994"  |2 1981 
100 1 |a Ďurdík, Tibor  |4 aut  |9 43527 
245 1 0 |a Lesenice 1244-1994  |b 750 rokov od prvej písomnej zmienky  |c Tibor Ďurdík, Marta Kamasová ; Fotogr. Ľubica Prelovská ; Obál. Ľubica Prelovská 
260 |a Veľký Krtíš  |b Regionálne kultúrne stredisko  |a Veľký Krtíš  |b Štátny okresný archív  |a Lesenice  |b Obecný úrad  |c 1994  |e Veľký Krtíš  |f ŠOKA  |e Veľký Krtíš  |f RKS 
300 |a 23 s.  |b Fotogr., lit. 16 zázn. v maď. 
366 |e 100 výt. 
651 7 |a 5310  |2 SNK  |9 278057 
655 7 |a jubilejné publikácie  |2 SNK  |9 70339 
700 1 |a Kamasová, Marta  |4 aut  |9 9827 
700 1 |a Prelovská, Ľubica  |4 pht  |9 46403 
700 1 |a Prelovská, Ľubica  |4 nob  |9 46403 
852 |a Slovenská národná knižnica 
919 |a 80-901153-4-9 
958 |a RM 
958 |a NB 
999 |c 533255  |d 535185 
952 |t P60, <04>, [BOOK], {604}  |a SNK  |b SNK  |y VYP  |7 0  |p 17A0135122  |o snkSC 86643 D1  |0 0  |1 0  |4 0  |d 1998-04-15  |l 1  |r 2026-04-21 15:03:18  |s 2026-04-21  |w 2026-02-23